| 000 | 00910cam a22002897a 4500 | ||
|---|---|---|---|
| 003 | CHAP | ||
| 005 | 20220329134840.0 | ||
| 008 | 971013s r 00010 d | ||
| 010 | _a26907 | ||
| 011 | _a27879 | ||
| 035 | _a31980 | ||
| 040 | _cCHAP | ||
| 090 | _aR-1554 | ||
| 100 | 0 | 0 |
_aKawabata, Akiko. _962833 |
| 245 | 1 | 2 | _aA study on the concents of pectic substances in fruits, vegetable fruits and nuts |
| 500 | _aSobretiro de : Japanese Journal of Nutrition 32 (1) : 9-18 1974 | ||
| 500 | _aTexto en japonés con resumenes en inglés | ||
| 590 |
_aBATCH-UPD _b10 _c20130110 _lUCH01 _h2158 |
||
| 590 |
_aCONVERSION _b10 _c20130109 _lUCH01 _h1315 |
||
| 650 | 1 | 4 |
_aFruta _xPectina en. _943645 |
| 650 | 1 | 4 |
_aLegumbres _xPectina en. _965767 |
| 700 | 0 |
_aSawayama, Shigeru. _9102797 |
|
| 700 | 0 |
_aUryu, Keiko. _9117015 |
|
| 901 | _aBK | ||
| 942 | _cREIMP | ||
| 949 |
_aR-1554 _bBC _cR _d-74060 _eTS1 _i31980 _si |
||
| 999 |
_c26907 _d26907 |
||